000 01071nam 22002773 4500
001 199074
010 _a972-31-0937-9
021 _aPT
_b174454/01
090 _a199074
100 _a20251117d u||y0pory50 ba
101 _apor
102 _aPT
200 _aO desemprego numa zona crítica de Portugal
_eo caso de Azambuja : realidades e perspectivas de transformação
_fMaria Teresa Serôdio Rosa, Maria Fortunata Rodrigues Gonçalves, Paula Isabel Marques da Silva
210 _aLisboa
_cFundação Calouste Gulbenkian
_d2001
215 _a203 p.
_cbrochado
_d23 cm
225 _aTextos universitários de ciências sociais e humanas
606 _96037
_aTrabalho. Emprego
610 _aDesemprego--Azambuja--Portugal"1997/1998"
675 _a331.5(469.411)"1997/1998"
_vPT
_zpor
675 _a316.34(469.411)"1997/1998"
_vPT
_zpor
700 _914974
_aRosa
_bMaria Teresa Serôdio
_f1936-
701 _914975
_aGonçalves
_bMaria Fortunata Rodrigues
701 _914976
_aFerreira
_bPaula Isabel Marques
801 _aPT
_bBMMN
_gRPC
830 _cAna
_fAna
990 _cLIVROS